| 000 | 00410nam a2200145 a 4500 | ||
|---|---|---|---|
| 082 |
_a297.12201 _bSAR _cL-31, P-53 |
||
| 100 | 1 |
_aGhulam Sarwar _947199 |
|
| 245 | 1 | _aPhilosophy of the Quran | |
| 260 |
_aLahore : _bSh. Muhammad Ashraf , _c1955 |
||
| 300 | _aIX, 254p. | ||
| 526 |
_a0 _b0 _c0 _d297_122010000000000_SAR |
||
| 650 | 0 |
_aMCE _9379 |
|
| 650 | 0 |
_aQuran (Koran) and Philosophy _947200 |
|
| 942 |
_2ddc _cBK |
||
| 999 |
_c550491 _d550491 |
||